La "debida diligencia anticorrupción" y su impacto en "fusiones y adquisiciones" (Registro nro. 12464)

Detalles MARC
000 -LEADER
fixed length control field 00343 a2200109 4500
001 - CONTROL NUMBER
control field ART_48982
005 - DATE AND TIME OF LATEST TRANSACTION
control field 20260410161631.0
008 - FIXED-LENGTH DATA ELEMENTS--GENERAL INFORMATION
fixed length control field 260409a
100 1# - MAIN ENTRY--PERSONAL NAME
Personal name Papa, Rodolfo G.
245 10 - TITLE STATEMENT
Title La "debida diligencia anticorrupción" y su impacto en "fusiones y adquisiciones"
773 0# - HOST ITEM ENTRY
Title Enfoques
Related parts - N°4 (abr. 2019)
Record control number REV416

No hay ítems disponibles.